00337pab a2200133 454500008004000000100001800040245004800058260000900106300001300115362001100128650003500139650001400174773001500188180718b2013 xxu||||| |||| 00| 0 eng d aSumitra Mohan aNatural disasters: Lessons from Uttarakhand c2013 ap.25-26. a17 Aug aDisaster - India - Uttarakhand aDisasters aMainstream